Liquidated damages and extensions of time in construction contracts (Record no. 110079)

MARC details
000 -LEADER
fixed length control field 01896cad a22003135a 4500
008 - FIXED-LENGTH DATA ELEMENTS--GENERAL INFORMATION
fixed length control field 090929s2009 xxk f 000 0 eng d
020 ## - INTERNATIONAL STANDARD BOOK NUMBER
International Standard Book Number 9781444301632
035 ## - SYSTEM CONTROL NUMBER
System control number (Sirsi) u148516
041 ## - LANGUAGE CODE
Language code of text/sound track or separate title eng
050 ## - LIBRARY OF CONGRESS CALL NUMBER
Classification number 692.8
100 ## - MAIN ENTRY--PERSONAL NAME
Personal name Eggleston, Brian
245 ## - TITLE STATEMENT
Title Liquidated damages and extensions of time in construction contracts
Medium [electronic resource]
250 ## - EDITION STATEMENT
Edition statement 3rd ed.
260 ## - PUBLICATION, DISTRIBUTION, ETC.
Place of publication, distribution, etc. Oxford
Name of publisher, distributor, etc. Wiley-Blackwell Science Ltd.
Date of publication, distribution, etc. 2009
300 ## - PHYSICAL DESCRIPTION
Extent eBook
520 ## - SUMMARY, ETC.
Summary, etc. This eBook considers the law on time and damages and how it continues to develop with an increasing flow of judgements from the courts. Alongside this, the standard forms of contract have also developed over time to reflect prevailing approaches to contractual relationships. Against this background a third edition will be welcomed by construction professionals and lawyers alike. Retaining the overall approach of the previous editions, the author clarifies, in a highly readable but legally rigorous way, the many misunderstandings on time and damages which abound in the construction industry. The third edition takes account of a large volume of new case law since the previous edition was published over ten years ago, includes a new chapter on delay analysis and features significantly expanded chapters on penalty clauses, the effects of conditions precedent and time-bars, and the complexities of causation.
650 ## - SUBJECT ADDED ENTRY--TOPICAL TERM
Topical term or geographic name entry element BUILT ENVIRONMENT-BUILDING CONTRACT FORMS
650 ## - SUBJECT ADDED ENTRY--TOPICAL TERM
Topical term or geographic name entry element EBOOK
650 ## - SUBJECT ADDED ENTRY--TOPICAL TERM
Topical term or geographic name entry element DETERMINATION
650 ## - SUBJECT ADDED ENTRY--TOPICAL TERM
Topical term or geographic name entry element EXTENSIONS OF TIME
650 ## - SUBJECT ADDED ENTRY--TOPICAL TERM
Topical term or geographic name entry element LATE COMPLETION
650 ## - SUBJECT ADDED ENTRY--TOPICAL TERM
Topical term or geographic name entry element LIQUIDATED DAMAGES
650 ## - SUBJECT ADDED ENTRY--TOPICAL TERM
Topical term or geographic name entry element SECTIONAL COMPLETION
650 ## - SUBJECT ADDED ENTRY--TOPICAL TERM
Topical term or geographic name entry element TIME OF THE ESSENCE
651 #4 - SUBJECT ADDED ENTRY--GEOGRAPHIC NAME
Geographic name ENGLAND AND WALES
690 ## - LOCAL SUBJECT ADDED ENTRY--TOPICAL TERM (OCLC, RLIN)
Topical term or geographic name as entry element BUILT ENVIRONMENT-BUILDING CONTRACT FORMS
856 48 - ELECTRONIC LOCATION AND ACCESS
Uniform Resource Identifier <a href="https://www.vlebooks.com/">https://www.vlebooks.com/</a>
Public note View on VLEbooks. Logins for members only from [email protected]
942 ## - ADDED ENTRY ELEMENTS (KOHA)
Suppress in OPAC 0
Holdings
Withdrawn status Lost status Source of classification or shelving scheme Damaged status Not for loan Home library Current library Shelving location Date acquired Total Checkouts Full call number Barcode Date last seen Copy number Price effective from Koha item type
    Dewey Decimal Classification     Virtual Virtual Online 29/09/2009   EBOOK 148516 06/08/2019 1 06/08/2019 Book